Journal of business cycle measurement and analysis

Guardado en:
Detalles Bibliográficos
Formato: Seriadas
Lenguaje:inglés
Publicado: Paris Organisation for Economic Co-operation and Development 2010
Materias:
Etiquetas: Agregar Etiqueta
Sin Etiquetas, Sea el primero en etiquetar este registro!

MARC

LEADER 00000nas2a2200000 4500
001 0181881
005 20160811112218.2
022 |a 1995-2880 
041 0 |a eng 
044 |a FR 
245 1 0 |a Journal of business cycle measurement and analysis 
264 1 |a Paris  |b Organisation for Economic Co-operation and Development  |c 2010 
773 0 |w eu_un_cat*0004652 
610 2 0 |a cykly hospodárske